Comunicación y lenguaje corporal : bases y fundamentos aplicados al ámbito educativo /

Manual de orientación en el conocimiento y desarrollo corporal infantil. Los autores abordan los conceptos de expresión corporal, motricidad, autoconcepto y educación física, todos ellos dentro del ámbito educativo formal.

Na minha lista:
Detalhes bibliográficos
Autor principal: Ortiz Camacho, María del Mar (coord.)
Formato: Livro
Idioma:espanhol
Publicado em: Granada, España : Proyecto Sur, 2000, c2000
Assuntos:
Tags: Adicionar Tag
Sem tags, seja o primeiro a adicionar uma tag!

MARC

LEADER 00000nam^a2200000^a^4500
001 000136858
005 20250521000000.0
009 20260310095333.277
020 |a 84-8254-311-3 
037 |a Acervo ITESO - Biblioteca 
041 |a ESP 
082 |a 302. 2212  |b ORT 
100 |a Ortiz Camacho, María del Mar  |e (coord.) 
245 1 0 |a Comunicación y lenguaje corporal :  |b bases y fundamentos aplicados al ámbito educativo /  |c Coord. de M.M. Ortiz Camacho ; pról. de Juan Torres Guerrero. 
264 4 |a Granada, España :  |b Proyecto Sur,  |c 2000, c2000 
300 |a 385 p. 
336 |a texto  |b txt  |2 rdacontenido 
337 |a sin mediación  |b n  |2 rdamedio 
338 |a volumen  |b nc  |2 rdasoporte 
520 |a Manual de orientación en el conocimiento y desarrollo corporal infantil. Los autores abordan los conceptos de expresión corporal, motricidad, autoconcepto y educación física, todos ellos dentro del ámbito educativo formal. 
649 |a XX 
650 |a Educación Física 
650 |a Educación Primaria 
650 |a Educación Media Básica 
650 |a Educación Formal 
650 |a Comunicación No Verbal 
650 |a Lenguaje Corporal 
650 |a Cuerpo Humano 
650 |a Ritmo 
650 |a Sonido 
650 |a Autoconcepto 
650 |a Calidad de Vida 
650 |a Salud 
910 |a Fondo General 
920 |a Impresos - Libros 
930 |a Colección General 
905 |a 101 
901 |a 0500065721  |b IT1  |c ACC  |u 20250521 
902 |a https://opac.biblio.iteso.mx/vufind/Record/000136858